000 00753nam a22001817a 4500
999 _c20427
_d20427
003 OSt
005 20240814135658.0
008 240814b ||||| |||| 00| 0 eng d
040 _c0
082 _aDPer 507 J826 September 2019 - June 2020 v.49 n. 1-5
100 _aBrown, Michael.
_eauthor.
_957659
245 _aWho gets helped? The opportunity structure of the college physics classroom, peer instruction, and perceptions of help seeking /
_cMichael Brown and Robert M. DeMonbrun
260 _aArlington USA;
_bNational Science Teaching Association,
_cNovember/December 2019.
300 _avolume 49, pages 36-44,
_billustration.
700 _aBrown, Michael.
_eauthor.
_957659
700 _aDeMonbrun, Robert M.
_eauthor.
_957660
942 _2ddc
_cPER